MARC details
| 000 -LEADER |
| fixed length control field |
02765cas a2200697 a 4500 |
| 001 - CONTROL NUMBER |
| control field |
11147988 |
| 003 - CONTROL NUMBER IDENTIFIER |
| control field |
OSt |
| 005 - DATE AND TIME OF LATEST TRANSACTION |
| control field |
20220920141834.0 |
| 008 - FIXED-LENGTH DATA ELEMENTS--GENERAL INFORMATION |
| fixed length control field |
750817c19479999ii fr p 0 a0eng c |
| 010 ## - LIBRARY OF CONGRESS CONTROL NUMBER |
| LC control number |
54036109 |
| 016 7# - NATIONAL BIBLIOGRAPHIC AGENCY CONTROL NUMBER |
| Record control number |
1253520 |
| Source |
DNLM |
| 016 7# - NATIONAL BIBLIOGRAPHIC AGENCY CONTROL NUMBER |
| Record control number |
B40560000 |
| Source |
DNLM |
| 016 7# - NATIONAL BIBLIOGRAPHIC AGENCY CONTROL NUMBER |
| Record control number |
011740527 |
| Source |
Uk |
| 022 ## - INTERNATIONAL STANDARD SERIAL NUMBER |
| International Standard Serial Number |
0008-0683 |
| ISSN-L |
0008-0683 |
| Source |
z |
| 030 ## - CODEN DESIGNATION |
| CODEN |
CSTBAA |
| 035 ## - SYSTEM CONTROL NUMBER |
| System control number |
(OCoLC)ocm01552348 |
| 040 ## - CATALOGING SOURCE |
| Original cataloging agency |
MUL |
| Language of cataloging |
eng |
| Transcribing agency |
MUL |
| Modifying agency |
OCL |
| -- |
UCU |
| -- |
YUS |
| -- |
HUL |
| -- |
IUL |
| -- |
RCS |
| -- |
AIP |
| -- |
NSD |
| -- |
NST |
| -- |
WAU |
| -- |
DLC |
| -- |
OCLCQ |
| -- |
ORZ |
| -- |
OCLCQ |
| -- |
NLM |
| -- |
LGG |
| -- |
OCLCF |
| -- |
OCLCO |
| -- |
OCLCQ |
| -- |
OCLCO |
| -- |
GUA |
| -- |
UKMGB |
| -- |
MYUML |
| -- |
OCLCA |
| 042 ## - AUTHENTICATION CODE |
| Authentication code |
nsdp |
| -- |
pcc |
| -- |
premarc |
| 043 ## - GEOGRAPHIC AREA CODE |
| Geographic area code |
a-ii--- |
| 050 00 - LIBRARY OF CONGRESS CALL NUMBER |
| Classification number |
HA1 |
| Item number |
.C35 |
| 060 10 - NATIONAL LIBRARY OF MEDICINE CALL NUMBER |
| Classification number |
HA 1 |
| Item number |
C144 |
| 210 0# - ABBREVIATED TITLE |
| Abbreviated title |
Bull.- Calcutta Stat. Assoc. |
| 222 #0 - KEY TITLE |
| Key title |
Bulletin - Calcutta Statistical Association |
| 245 00 - TITLE STATEMENT |
| Title |
Calcutta Statistical Association bulletin. |
| 246 30 - VARYING FORM OF TITLE |
| Title proper/short title |
Bulletin |
| 246 1# - VARYING FORM OF TITLE |
| Display text |
Some issues may have title: |
| Title proper/short title |
Bulletin of the Calcutta Statistical Association |
| 260 ## - PUBLICATION, DISTRIBUTION, ETC. |
| Materials specified |
<1947-> |
| Place of publication, distribution, etc. |
Calcutta : |
| Name of publisher, distributor, etc. |
H. Chatterjee & Co., |
| Date of publication, distribution, etc. |
[1947]- |
| 260 3# - PUBLICATION, DISTRIBUTION, ETC. |
| Materials specified |
2016- |
| Place of publication, distribution, etc. |
Los Angeles : |
| Name of publisher, distributor, etc. |
Sage |
| 300 ## - PHYSICAL DESCRIPTION |
| Extent |
volumes ; |
| Dimensions |
25 cm |
| 310 ## - CURRENT PUBLICATION FREQUENCY |
| Current publication frequency |
National |
| Date of current publication frequency |
2016- |
| 321 ## - FORMER PUBLICATION FREQUENCY |
| Former publication frequency |
, |
| Dates of former publication frequency |
<1960-2015> |
| 321 ## - FORMER PUBLICATION FREQUENCY |
| Former publication frequency |
Three no. a year (irregular), |
| Dates of former publication frequency |
<-1959> |
| 321 ## - FORMER PUBLICATION FREQUENCY |
| Former publication frequency |
Half Yearly. |
| Dates of former publication frequency |
<1947-> |
| 336 ## - CONTENT TYPE |
| Content type term |
text |
| Content type code |
txt |
| Source |
rdacontent |
| 337 ## - MEDIA TYPE |
| Media type term |
unmediated |
| Media type code |
n |
| Source |
rdamedia |
| 338 ## - CARRIER TYPE |
| Carrier type term |
volume |
| Carrier type code |
nc |
| Source |
rdacarrier |
| 362 0# - DATES OF PUBLICATION AND/OR SEQUENTIAL DESIGNATION |
| Dates of publication and/or sequential designation |
No. 1 (Aug. 1947)- |
| 500 ## - GENERAL NOTE |
| General note |
Title from caption. |
| 500 ## - GENERAL NOTE |
| General note |
Publisher varies. Some issues published in association with Calcutta Statistical Association. |
| 500 ## - GENERAL NOTE |
| General note |
Some issues may have distinctive titles. |
| 515 ## - NUMBERING PECULIARITIES NOTE |
| Numbering peculiarities note |
Vol. numbering used effective vol. 2, no. 5 (Feb. 1949). |
| 515 ## - NUMBERING PECULIARITIES NOTE |
| Numbering peculiarities note |
Numerous issues combined. |
| 515 ## - NUMBERING PECULIARITIES NOTE |
| Numbering peculiarities note |
Running number dropped from enumeration effective Vol. 68, issue 1/2 (May/Nov. 2016). |
| 515 ## - NUMBERING PECULIARITIES NOTE |
| Numbering peculiarities note |
May be some irregularities in issuance. |
| 588 ## - SOURCE OF DESCRIPTION NOTE |
| Source of description note |
Latest issue consulted: Vol. 68, issue 1/2 (May/Nov. 2016). |
| 650 #0 - SUBJECT ADDED ENTRY--TOPICAL TERM |
| Topical term or geographic name entry element |
Statistics |
| General subdivision |
Methodology |
| Form subdivision |
Periodicals. |
| 9 (RLIN) |
9993 |
| 650 #2 - SUBJECT ADDED ENTRY--TOPICAL TERM |
| Topical term or geographic name entry element |
Statistics. |
| 9 (RLIN) |
9994 |
| 650 #7 - SUBJECT ADDED ENTRY--TOPICAL TERM |
| Topical term or geographic name entry element |
Statistics |
| General subdivision |
Methodology. |
| Source of heading or term |
fast |
| Authority record control number or standard number |
(OCoLC)fst01132125 |
| 9 (RLIN) |
9995 |
| 651 #0 - SUBJECT ADDED ENTRY--GEOGRAPHIC NAME |
| Geographic name |
India |
| Form subdivision |
Statistics |
| -- |
Periodicals. |
| 9 (RLIN) |
9996 |
| 651 #7 - SUBJECT ADDED ENTRY--GEOGRAPHIC NAME |
| Geographic name |
India. |
| Source of heading or term |
fast |
| Authority record control number or standard number |
(OCoLC)fst01210276 |
| 9 (RLIN) |
9997 |
| 655 #2 - INDEX TERM--GENRE/FORM |
| Genre/form data or focus term |
Periodicals. |
| 9 (RLIN) |
9998 |
| 655 #7 - INDEX TERM--GENRE/FORM |
| Genre/form data or focus term |
Periodicals. |
| Source of term |
fast |
| Authority record control number or standard number |
(OCoLC)fst01411641 |
| 9 (RLIN) |
9998 |
| 655 #7 - INDEX TERM--GENRE/FORM |
| Genre/form data or focus term |
Statistics. |
| Source of term |
fast |
| Authority record control number or standard number |
(OCoLC)fst01423727 |
| 9 (RLIN) |
9999 |
| 710 2# - ADDED ENTRY--CORPORATE NAME |
| Corporate name or jurisdiction name as entry element |
Calcutta Statistical Association. |
| 9 (RLIN) |
10000 |
| 776 08 - ADDITIONAL PHYSICAL FORM ENTRY |
| Relationship information |
Online version: |
| Title |
Calcutta Statistical Association bulletin |
| Record control number |
(OCoLC)610123872 |
| 906 ## - LOCAL DATA ELEMENT F, LDF (RLIN) |
| a |
7 |
| b |
cbc |
| c |
serials |
| d |
u |
| e |
ncip |
| f |
20 |
| g |
n-oclcserc |
| 942 ## - ADDED ENTRY ELEMENTS (KOHA) |
| Source of classification or shelving scheme |
Dewey Decimal Classification |
| Koha item type |
Periodicals |
| Serial record |
1 |